Central Library OPAC University of Rajshahi

Library guide for the chemist / (Record no. 9615)

MARC details
000 -LEADER
fixed length control field 00848cam a22002651 4500
001 - CONTROL NUMBER
control field 9615
003 - CONTROL NUMBER IDENTIFIER
rucl marc code BD-RjUL
005 - DATE AND TIME OF LATEST TRANSACTION
control field 20211208234816.0
008 - FIXED-LENGTH DATA ELEMENTS--GENERAL INFORMATION
fixed length control field 140121s1938 nyu 001 0 eng
035 ## - SYSTEM CONTROL NUMBER
System control number (BD-RjUL)9660
040 ## - CATALOGING SOURCE
Original cataloging agency DLC
Transcribing agency CtHT
Modifying agency BD-RjUL
Language of cataloging eng
041 ## - LANGUAGE CODE
Language code of text/sound track or separate title eng
082 ## - DEWEY DECIMAL CLASSIFICATION NUMBER
Classification number 016.54
Author mark and year SOL 1938
Edition number 23
100 1# - MAIN ENTRY--PERSONAL NAME
Personal name Soule, Byron A.
Fuller form of name (Byron Avery),
Dates associated with a name 1891-
9 (RLIN) 29773
245 10 - TITLE STATEMENT
Title Library guide for the chemist /
Statement of responsibility, etc. by Byron A. Soule
260 ## - PUBLICATION, DISTRIBUTION, ETC. (IMPRINT)
Place of publication, distribution, etc. New York ;
-- London :
Name of publisher, distributor, etc. McGraw-Hill Book Company, inc.,
Date of publication, distribution, etc. 1938.
300 ## - PHYSICAL DESCRIPTION
Pagination xiii, 302 p. ;
Size 21 cm.
504 ## - BIBLIOGRAPHY, ETC. NOTE
Bibliography, etc Include index.
650 #0 - SUBJECT ADDED ENTRY--TOPICAL TERM
Topical term or geographic name as entry element Chemistry
General subdivision Bibliography.
9 (RLIN) 29774
Topical term or geographic name as entry element Chemistry
General subdivision Reference books
-- Bibliography.
9 (RLIN) 29775
830 ## - SERIES ADDED ENTRY--UNIFORM TITLE
Uniform title International chemical series
942 ## - ADDED ENTRY ELEMENTS (KOHA)
Source of classification or shelving scheme Dewey Decimal Classification
Koha item type Reference
Holdings
Lost status Source of classification or shelving scheme Damaged status Not for loan Collection code Permanent Location Current Location Shelving location Date acquired Source of acquisition Cost, normal purchase price Total Checkouts Full call number Date last seen Copy number Koha item type
  Dewey Decimal Classification     Non-fiction Central Library, University of Rajshahi Central Library, University of Rajshahi   16/10/1957 Publishers United Ltd. 30.40   R 016.54 SOL 1938 21/01/2014 C-2 Reference
  Dewey Decimal Classification   Not For Loan Reference Central Library, University of Rajshahi Central Library, University of Rajshahi   28/01/1958 B.H. Blackwell 2.16   R 016.54 SOL 1938 04/10/2016 C-1 Reference